Poésie à trous : Ma bohème - Arthur Rimbaud - Statistiques

Statistiques générales
  • Ce quiz a été pris 94 fois
  • Le résultat moyen est 10 sur 14
Statistiques - réponses
Poème Ma bohème % Correct
Ma bohème Je m’en allais, les poings dans {mes} {poches} crevées ;
95%
Ma bohème Mon paletot aussi devenait {idéal} ;
81%
Ma bohème Des rimes. Mon auberge était à la {Grande}-{Ourse}.
80%
Ma bohème J’allais sous {le} {ciel}, Muse ! et j’étais ton féal ;
73%
Ma bohème Mon unique {culotte} avait un large trou.
73%
Ma bohème Oh ! là ! là ! que d’{amours} splendides j’ai rêvées !
73%
Ma bohème – {Petit}-{Poucet} rêveur, j’égrenais dans ma course
73%
Ma bohème – Mes {étoiles} au ciel avaient un doux frou-frou
71%
Ma bohème De mes souliers blessés, un pied près de {mon} {cœur} !
69%
Ma bohème De rosée à mon front, comme {un} {vin} de vigueur ;
65%
Ma bohème Ces bons soirs de {septembre} où je sentais des gouttes
57%
Ma bohème Comme des lyres, je tirais les {élastiques}
57%
Ma bohème Et je les écoutais, assis au bord {des} {routes},
53%
Ma bohème Où, rimant au milieu {des} {ombres} fantastiques,
45%
Aucun quiz correspondant
Distribution des résultats
% des personnes avec chaque résultat
Percentile par nombre de réponses
Votre historique - résultats
Vous n’avez pas pris ce quiz